zpět

Detail výsledku týmu

Pivovarský Dvůr ST, Liberec

Datum a čas kvízu

26.5 Celkem bodů Celkový počet nahraných bodů na tomto kvízu bez doplňovacích otázek.
6. Pořadí na kvízu Konečné umístění týmu na tomto kvízu.

Zaznamenané odpovědi

# Otázka Odpověď Body Výsledky
1. Na pražské Hlavní nádraží v út... jezdí na vodíkový pohon 1
2. Která evropská země má od minu... Francie 0
3. V souvislosti se svým vstupem... B 0
4. Vědci z agentury NASA řeší neč... Voyager se „zbláznil“ – vysílá nesmyslná data. 0
5. 22letý Biniam Girmay se stal h... trefil ho korek do oka 1
6. V tomto tématu se budeme pohyb... jiřina 1
7. Nyní zavítáme do římské mytolo... Flora 0
8. Na fotografii vidíme květinu,... hyacint 1
9. Květinové jméno nese i tento s... Svatý Vavřinec 1
10. Toto téma zakončíme v populárn... Narcisa 0